| 000 | 00449nam a22001337a 4500 | ||
|---|---|---|---|
| 008 | 140521b xxu||||| |||| 00| 0 eng d | ||
| 050 | _aLB1737.5.C437 | ||
| 100 |
_aCooke, Brian and Stimpson, Philip _910446 |
||
| 245 |
_aChallenge and change in teacher education _cBrian Cooke and Philip Stimpson |
||
| 260 |
_aHong Kong _bUniversity of Hong Kong _c1991 |
||
| 300 |
_a100p. ; _b22cm. |
||
| 650 |
_ateacher education _910447 |
||
| 942 |
_2lcc _cMONOGRAPH |
||
| 999 |
_c120564 _d120564 |
||